Família, escola, ciutat : eduquem per conviure : 15 de gener de 2005 eduquem per conviure :
Descripción Física:
31 p. ; 30 cm
MARC
| LEADER | 00000nam a2200000Ia 4500 | ||
|---|---|---|---|
| 001 | 24380 | ||
| 003 | BGR | ||
| 005 | 20260324180612.0 | ||
| 008 | 160829s2005 xx 000 0 cat d | ||
| 080 | |a FU-65-18 | ||
| 111 | |a Jornada Família-Escola-Ciutat-Eduquem per conviure |9 71208 |c (L'Hospitalet de Llobregat : |d 2005) | ||
| 245 | |a Família, escola, ciutat : |b eduquem per conviure : |b 15 de gener de 2005 | ||
| 260 | |a [L'Hospitalet de Llobregat] : |b Àrea d'Educació i Cultura de l'Ajuntament, |c 2005 | ||
| 300 | |a 31 p. ; |c 30 cm | ||
| 650 | 0 | |a Escoles públiques |z Hospitalet de Llobregat (Catalunya) |v Revistes |9 49809 | |
| 710 | 1 | |a Hospitalet de Llobregat (Catalunya). |b Àrea d'Educació i Cultura |9 55527 | |
| 901 | |a Arxiu | ||
| 942 | |n 1 |2 udc |c JC | ||
| 952 | |0 0 |1 0 |4 0 |6 FU6518 |7 1 |9 55608 |a Arxiu |b Arxiu |d 2016-12-01 |l 0 |o FU-65-18 |p 24380 |r 2016-12-01 00:00:00 |w 2016-12-01 |y ARXIU | ||
| 999 | |c 59481 |d 59481 | ||